[Event "2nd Asian Nations Team Cup U14 2019"]
[Site "Shenzhen"]
[Date "2019.12.21"]
[Round "4.1"]
[White "Yin, Richard"]
[Black "Daneshvar, Bardiya"]
[Result "0-1"]
[WhiteElo "1427"]
[BlackElo "2330"]
[Annotator "RC"]
[PlyCount "74"]
[EventDate "2019.12.19"]
[EventType "team-tourn"]
[EventCountry "CHN"]
[SourceTitle "playchess.com"]
[Source "ChessBase"]
[SourceQuality "1"]
[TimeControl "5400+30"]

1. e4 {[%emt 0:00:00]} e6 {[%emt 0:00:00]} 2. d4 {[%emt 0:00:00]} d5 {[%emt 0:00:00]} 3. Nc3 {[%emt 0:00:00]} Bb4 {[%emt 0:00:00]} 4. e5 {[%emt 0:00:06]} b6 {[%emt 0:00:36]} 5. Qg4 {[%emt 0:04:13]} Kf8 {[%emt 0:00:00]} 6. a3 {[%emt 0:02:42]} Bxc3+ {[%emt 0:00:00]} 7. bxc3 {[%emt 0:00:09]} Ne7 {[%emt 0:02:11]} 8. Qh4 {[%emt 0:06:51]} Ba6 {[%emt 0:02:19]} 9. Nh3 {[%emt 0:02:59]} Bxf1 {[%emt 0:00:51]} 10. Rxf1 {[%emt 0:01:07]} c5 {[%emt 0:01:25]} 11. Be3 {[%emt 0:07:42]} Nbc6 {[%emt 0:01:54]} 12. g4 {[%emt 0:02:01]} Kg8 {[%emt 0:02:22]} 13. f4 {[%emt 0:07:46]} h5 {[%emt 0:01:28]} 14. Ng5 {[%emt 0:10:01]} Qe8 {[%emt 0:03:42]} 15. Rg1 {[%emt 0:04:37]} hxg4 {[%emt 0:00:42]} 16. Qxg4 {[%emt 0:01:02]} Nf5 {[%emt 0:00:16]} 17. Bf2 {[%emt 0:02:25]} cxd4 {[%emt 0:02:23]} 18. cxd4 {[%emt 0:01:20]} Nce7 {[%emt 0:00:14]} 19. h3 {[%emt 0:07:33]} Qc6 {[%emt 0:00:27]} 20. O-O-O {[%emt 0:03:43]} Rc8 {[%emt 0:05:36]} 21. Qe2 {[%emt 0:02:52]} Qa4 {[%emt 0:01:30]} 22. Kb2 {[%emt 0:04:13]} Nc6 {[%emt 0:00:00]} 23. c3 {[%emt 0:01:37]} Na5 {[%emt 0:00:00]} 24. Qc2 {[%emt 0:00:34]} Nc4+ {[%emt 0:00:00]} 25. Kc1 {[%emt 0:00:22]} Qxa3+ {[%emt 0:00:05]} 26. Kb1 {[%emt 0:00:09]} Nce3 {[%emt 0:01:13]} 27. Bxe3 {[%emt 0:00:51]} Nxe3 {[%emt 0:00:06]} 28. Qb2 {[%emt 0:00:08]} Qxb2+ {[%emt 0:00:07]} 29. Kxb2 {[%emt 0:00:03]} Nxd1+ {[%emt 0:00:08]} 30. Rxd1 {[%emt 0:00:03]} Rh4 {[%emt 0:00:09]} 31. Rf1 {[%emt 0:00:26]} g6 {[%emt 0:00:06]} 32. Ra1 {[%emt 0:00:36]} a5 {[%emt 0:00:12]} 33. Rf1 {[%emt 0:00:08]} Rc4 {[%emt 0:00:11]} 34. Rf3 {[%emt 0:00:29]} b5 {[%emt 0:00:06]} 35. Kb3 {[%emt 0:00:28]} b4 {[%emt 0:00:06]} 36. cxb4 {[%emt 0:00:22]} axb4 {[%emt 0:00:06]} 37. Rd3 {[%emt 0:00:18]} Rxf4 {[%emt 0:00:07]} 0-1

[Event "2nd Asian Nations Team Cup U14 2019"]
[Site "Shenzhen"]
[Date "2019.12.21"]
[Round "4.2"]
[White "Atakhan, Abtin"]
[Black "Lam, Chun Yung Samuel"]
[Result "1-0"]
[WhiteElo "2307"]
[BlackElo "1288"]
[Annotator "TA"]
[PlyCount "81"]
[EventDate "2019.12.19"]
[EventType "team-tourn"]
[EventCountry "CHN"]
[SourceTitle "playchess.com"]
[Source "ChessBase"]
[SourceQuality "1"]

{[%evp 16,106,30,35,54,60,60,35,58,43,44,44,47,37,47,50,60,33,41,31,34,31,96,102,163,158,199,164,179,177,170,195,500,472,441,277,249,248,512,512,512,508,509,505,530,535,541,527,589,587,552,560,756,756,754,726,1240,1233,4898,4882,4878,1911,1323,1304,4836,4827,4133,2678,29978,29978,29982,29980,29980,29981,29981,29982,29983,29983,29990,29991,29993,29994,29994,29995,29995,29996,29996,29997,29997,29998,29998,29999,29999]} 1. c4 e6 2. Nf3 d5 3. g3 Nf6 4. Bg2 c5 5. O-O Nc6 6. cxd5 exd5 7. d4 Be7 8. dxc5 Bxc5 9. a3 a6 {D30: Queen's Gambit Declined: Systems without Nc3} 10. b4 Ba7 11. Bb2 Be6 {White is slightly better.} (11... O-O 12. Nbd2 Re8 13. Nb3 Bg4 14. h3 Bh5 15. g4 Bg6 16. Rc1 Ne4 17. Nbd4 {0-1 (34) Socko,B (2593)-Akobian,V (2647) Riadh 2017}) 12. Nbd2 O-O 13. Nb3 Ne4 14. Nfd4 $146 ({Predecessor:} 14. Nbd4 Qd7 15. Nxc6 Qxc6 16. Rc1 Qd7 17. Ne5 {1-0 (30) Braun,T-Muench,W Bad Wiessee 1998}) 14... Qd7 15. Nxc6 bxc6 16. Bxe4 dxe4 17. Qxd7 Bxd7 18. Rac1 f5 (18... Rfc8 $14) 19. Rfd1 $16 Rad8 {[#]} (19... Rf7 $16) 20. Na5 $1 $18 f4 {White should prevent ...fxg3.} 21. Bd4 (21. Nxc6 Bxc6 22. Rxd8 Rxd8 $17) 21... Bxd4 22. Rxd4 fxg3 23. hxg3 {Strongly threatening Nb7.} Rf6 $2 (23... Bf5 {is tougher.} 24. Nxc6 Rxd4 25. Nxd4 Bg4) 24. Rcd1 Rf7 25. Nxc6 Rc8 26. Ne5 ({Much less strong is} 26. Rxd7 $6 Rxc6 27. Rd8+ Rf8) 26... Bb5 $2 (26... Ba4 {is a better defense.} 27. Nxf7 Bxd1 28. Nh6+ (28. Rxd1 Kxf7 29. Rd6 Ra8 $18) 28... gxh6) 27. Nxf7 Kxf7 28. Rxe4 {[%mdl 4096] Endgame KRR-KRB} Rc3 29. Ra1 Bc6 30. Rf4+ Ke6 31. a4 Rb3 32. Rc4 Bd5 33. Rc7 Kf6 {[#]} 34. b5 $1 axb5 35. a5 b4 36. a6 Ra3 37. Rxa3 bxa3 {KR-KB} 38. a7 (38. Rc3 $142 a2 39. Ra3) 38... a2 39. Rc1 g5 40. Ra1 g4 {[#]} 41. e4 {Played: Ra1xa2} 1-0

[Event "2nd Asian Nations Team Cup U14 2019"]
[Site "Shenzhen"]
[Date "2019.12.21"]
[Round "4.3"]
[White "Li, Yucheng Robinson"]
[Black "Ebrahimi Herab, Hamidreza"]
[Result "0-1"]
[WhiteElo "1185"]
[BlackElo "2053"]
[Annotator "NA RC"]
[PlyCount "90"]
[EventDate "2019.12.19"]
[EventType "team-tourn"]
[EventCountry "CHN"]
[SourceTitle "playchess.com"]
[Source "ChessBase"]
[SourceQuality "1"]
[TimeControl "5400+30"]

1. e4 {[%emt 0:00:06]} e5 {[%emt 0:00:00]} 2. Nf3 {[%emt 0:00:11]} Nc6 {[%emt 0:00:00]} 3. d4 {[%emt 0:00:06]} exd4 {[%emt 0:00:00]} 4. c3 {[%emt 0:00:04]} Nf6 {[%emt 0:00:15]} 5. e5 {[%emt 0:00:08]} Ne4 {[%emt 0:00:24]} 6. cxd4 {[%emt 0:00:08]} d5 {[%emt 0:00:15]} 7. Nc3 {[%emt 0:02:12]} Bb4 {[%emt 0:00:37]} 8. Qc2 {[%emt 0:00:43]} O-O {[%emt 0:00:09]} 9. a3 {[%emt 0:00:55]} Ba5 {[%emt 0:00:55]} 10. Bd3 {[%emt 0:00:24]} f5 {[%emt 0:00:19]} 11. O-O {[%emt 0:01:19]} Be6 {[%emt 0:00:24]} 12. Ne2 {[%emt 0:02:40]} Bb6 {[%emt 0:01:54]} 13. b4 {[%emt 0:00:56]} h6 {[%emt 0:02:07]} 14. Bb2 {[%emt 0:00:24]} g5 {[%emt 0:01:33]} 15. Nd2 {[%emt 0:00:31]} Qe8 {[%emt 0:02:09]} 16. f4 {[%emt 0:00:29]} gxf4 {[%emt 0:01:02]} 17. Rxf4 {[%emt 0:00:40]} Nxe5 {[%emt 0:00:12]} 18. Kh1 {[%emt 0:01:13]} Ng6 {[%emt 0:02:15]} 19. Rff1 {[%emt 0:00:57]} Qe7 {[%emt 0:02:12]} 20. Nf3 {[%emt 0:01:27]} Bd7 {[%emt 0:01:54]} 21. Qc1 {[%emt 0:00:44]} f4 {[%emt 0:02:02]} 22. Ne5 {[%emt 0:00:29]} Nxe5 {[%emt 0:00:18]} 23. Bxe4 {[%emt 0:00:23]} dxe4 {[%emt 0:00:23]} 24. dxe5 {[%emt 0:00:12]} Be3 {[%emt 0:01:19]} 25. Qc4+ {[%emt 0:00:25]} Qe6 {[%emt 0:00:31]} 26. Qxe6+ {[%emt 0:05:42]} Bxe6 {[%emt 0:00:03]} 27. Bd4 {[%emt 0:00:08]} Bc4 {[%emt 0:01:03]} 28. Bxe3 fxe3 {[%emt 0:00:02]} 29. Rfe1 {[%emt 0:03:02]} Rf2 {[%emt 0:01:39]} 30. Ng3 {[%emt 0:00:41]} e2 {[%emt 0:00:12]} 31. Kg1 {[%emt 0:00:41]} Raf8 {[%emt 0:00:37]} 32. Rac1 {[%emt 0:00:32]} Bd3 {[%emt 0:00:25]} 33. h3 {[%emt 0:00:43]} e3 {[%emt 0:01:42]} 34. h4 {[%emt 0:00:23]} h5 {[%emt 0:00:40]} 35. e6 {[%emt 0:00:05]} R8f4 {[%emt 0:00:30]} 36. e7 {[%emt 0:00:15]} Kf7 {[%emt 0:00:06]} 37. Rc3 {[%emt 0:02:22]} Rf1+ {[%emt 0:01:06]} 38. Nxf1 {[%emt 0:00:11]} exf1=Q+ {[%emt 0:00:26]} 39. Rxf1 {[%emt 0:00:10]} Rxf1+ {[%emt 0:00:07]} 40. Kh2 {[%emt 0:00:21]} e2 {[%emt 0:00:12]} 41. Rxd3 {[%emt 0:00:07]} e1=Q {[%emt 0:00:09]} 42. e8=Q+ {[%emt 0:00:16]} Kxe8 {[%emt 0:00:08]} 43. Re3+ {[%emt 0:00:56]} Qxe3 {[%emt 0:00:07]} 44. g4 {[%emt 0:00:11]} Qf2+ {[%emt 0:00:06]} 45. Kh3 {[%emt 0:00:05]} Rh1# {[%emt 0:00:10]} 0-1

[Event "2nd Asian Nations Team Cup U14 2019"]
[Site "Shenzhen"]
[Date "2019.12.21"]
[Round "4.4"]
[White "Khorshidi, Mohammad Javad"]
[Black "Huang, Yuen Tung"]
[Result "1-0"]
[WhiteElo "2094"]
[BlackElo "1293"]
[Annotator "NA RC"]
[PlyCount "93"]
[EventDate "2019.12.19"]
[EventType "team-tourn"]
[EventCountry "CHN"]
[SourceTitle "playchess.com"]
[Source "ChessBase"]
[SourceQuality "1"]
[TimeControl "5400+30"]

1. Nf3 {[%emt 0:00:00]} c5 {[%emt 0:00:00]} 2. c4 {[%emt 0:00:00]} Nc6 {[%emt 0:00:00]} 3. d4 {[%emt 0:00:00]} e6 {[%emt 0:00:30]} 4. d5 {[%emt 0:00:00]} exd5 {[%emt 0:00:34]} 5. cxd5 {[%emt 0:00:00]} Nce7 {[%emt 0:01:27]} 6. Nc3 {[%emt 0:00:18]} d6 {[%emt 0:00:23]} 7. e4 {[%emt 0:00:12]} a6 {[%emt 0:01:41]} 8. a4 {[%emt 0:00:14]} Bg4 {[%emt 0:00:37]} 9. Be2 {[%emt 0:00:43]} Nf6 {[%emt 0:01:07]} 10. O-O {[%emt 0:00:19]} Ng6 {[%emt 0:02:14]} 11. Nd2 {[%emt 0:01:03]} Bxe2 {[%emt 0:05:33]} 12. Qxe2 {[%emt 0:00:02]} Be7 {[%emt 0:00:32]} 13. Nc4 {[%emt 0:00:21]} O-O {[%emt 0:01:56]} 14. a5 {[%emt 0:00:12]} Nd7 {[%emt 0:03:17]} 15. f4 {[%emt 0:00:11]} f6 {[%emt 0:02:21]} 16. Rf3 {[%emt 0:00:55]} Qc7 {[%emt 0:05:41]} 17. Rh3 {[%emt 0:00:51]} Rfe8 {[%emt 0:07:16]} 18. Bd2 {[%emt 0:01:50]} Ndf8 {[%emt 0:02:32]} 19. Qh5 {[%emt 0:01:25]} Bd8 {[%emt 0:02:48]} 20. Nb6 {[%emt 0:02:32]} Rb8 {[%emt 0:01:27]} 21. f5 {[%emt 0:00:17]} Qf7 {[%emt 0:03:24]} 22. fxg6 {[%emt 0:00:07]} Qxg6 {[%emt 0:00:25]} 23. Qxg6 {[%emt 0:00:08]} Nxg6 {[%emt 0:00:59]} 24. Nc4 {[%emt 0:00:15]} Bc7 {[%emt 0:02:30]} 25. Be1 {[%emt 0:01:23]} Ne5 {[%emt 0:03:11]} 26. Nxe5 {[%emt 0:00:53]} fxe5 {[%emt 0:00:35]} 27. Na4 {[%emt 0:00:52]} Rf8 {[%emt 0:00:45]} 28. Rf3 {[%emt 0:00:18]} g6 {[%emt 0:00:53]} 29. b4 {[%emt 0:00:10]} cxb4 {[%emt 0:02:34]} 30. Bxb4 {[%emt 0:00:11]} Rbd8 {[%emt 0:01:28]} 31. Rc1 {[%emt 0:00:16]} Rd7 {[%emt 0:01:45]} 32. Rxf8+ {[%emt 0:00:08]} Kxf8 {[%emt 0:00:05]} 33. Rxc7 {[%emt 0:00:10]} Rxc7 {[%emt 0:00:55]} 34. Bxd6+ {[%emt 0:00:02]} Re7 {[%emt 0:00:51]} 35. Nc5 {[%emt 0:00:29]} Ke8 {[%emt 0:00:29]} 36. Bxe7 {[%emt 0:00:00]} Kxe7 {[%emt 0:00:04]} 37. Nxb7 {[%emt 0:00:00]} Kd7 {[%emt 0:00:49]} 38. Nc5+ {[%emt 0:00:00]} Kc8 {[%emt 0:00:17]} 39. Nxa6 {[%emt 0:00:00]} h5 {[%emt 0:00:08]} 40. Nc5 {[%emt 0:00:01]} g5 {[%emt 0:00:19]} 41. d6 {[%emt 0:00:04]} Kb8 {[%emt 0:00:34]} 42. a6 {[%emt 0:00:05]} g4 {[%emt 0:00:07]} 43. d7 {[%emt 0:00:05]} Kc7 {[%emt 0:00:07]} 44. a7 {[%emt 0:00:04]} h4 {[%emt 0:00:10]} 45. a8=Q {[%emt 0:00:08]} Kd6 {[%emt 0:00:09]} 46. Qd5+ {[%emt 0:00:06]} Kc7 {[%emt 0:00:08]} 47. d8=Q# {[%emt 0:00:08]} 1-0

[Event "2nd Asian Nations Team Cup U14 2019"]
[Site "Shenzhen"]
[Date "2019.12.21"]
[Round "4.5"]
[White "Li, Shanglin"]
[Black "Batbold, Nyamsuren"]
[Result "1/2-1/2"]
[WhiteElo "2020"]
[BlackElo "1963"]
[Annotator "NA RC"]
[PlyCount "104"]
[EventDate "2019.12.19"]
[EventType "team-tourn"]
[EventCountry "CHN"]
[SourceTitle "playchess.com"]
[Source "ChessBase"]
[SourceQuality "1"]
[TimeControl "5400+30"]

1. d4 {[%emt 0:00:00]} d5 {[%emt 0:00:00]} 2. c4 {[%emt 0:00:00]} c6 {[%emt 0:00:00]} 3. Nf3 {[%emt 0:00:00]} Nf6 {[%emt 0:00:00]} 4. e3 {[%emt 0:00:00]} e6 {[%emt 0:00:21]} 5. Bd3 {[%emt 0:00:05]} Bd6 {[%emt 0:00:21]} 6. Nbd2 {[%emt 0:00:48]} Nbd7 {[%emt 0:08:29]} 7. O-O {[%emt 0:00:19]} O-O {[%emt 0:06:15]} 8. Qe2 {[%emt 0:01:56]} e5 {[%emt 0:06:45]} 9. cxd5 {[%emt 0:07:37]} cxd5 {[%emt 0:00:13]} 10. dxe5 {[%emt 0:00:31]} Nxe5 {[%emt 0:00:19]} 11. Nxe5 {[%emt 0:00:53]} Bxe5 {[%emt 0:00:26]} 12. h3 {[%emt 0:00:44]} Be6 {[%emt 0:08:24]} 13. Nf3 {[%emt 0:00:47]} Bd6 {[%emt 0:04:45]} 14. b3 {[%emt 0:00:14]} Rc8 {[%emt 0:10:58]} 15. Bb2 {[%emt 0:00:13]} Ne4 {[%emt 0:00:26]} 16. Rfd1 {[%emt 0:03:26]} Nc3 {[%emt 0:13:12]} 17. Bxc3 {[%emt 0:00:10]} Rxc3 18. Rac1 {[%emt 0:00:24]} Qc7 {[%emt 0:05:54]} 19. Rxc3 {[%emt 0:01:20]} Qxc3 {[%emt 0:00:00]} 20. Qc2 {[%emt 0:00:13]} Qxc2 {[%emt 0:00:38]} 21. Bxc2 {[%emt 0:00:06]} Rc8 {[%emt 0:00:20]} 22. Bd3 {[%emt 0:00:02]} Kf8 {[%emt 0:01:08]} 23. Kf1 {[%emt 0:00:10]} h6 {[%emt 0:01:20]} 24. Ke2 {[%emt 0:00:03]} Ke7 {[%emt 0:00:19]} 25. g4 {[%emt 0:00:37]} a6 {[%emt 0:03:16]} 26. Rg1 {[%emt 0:00:21]} b5 {[%emt 0:01:59]} 27. h4 {[%emt 0:01:17]} g6 {[%emt 0:04:46]} 28. Nd4 {[%emt 0:04:25]} Bd7 {[%emt 0:10:37]} 29. f3 {[%emt 0:04:24]} Be5 {[%emt 0:01:53]} 30. Kd2 {[%emt 0:02:26]} Bxd4 {[%emt 0:05:33]} 31. exd4 {[%emt 0:00:02]} Kd6 {[%emt 0:03:05]} 32. Re1 {[%emt 0:00:09]} Re8 {[%emt 0:01:00]} 33. Rh1 {[%emt 0:00:09]} Rf8 {[%emt 0:01:27]} 34. Rg1 {[%emt 0:00:25]} Rh8 {[%emt 0:00:12]} 35. Ra1 {[%emt 0:02:24]} Rb8 {[%emt 0:00:39]} 36. a3 {[%emt 0:01:07]} Rf8 {[%emt 0:02:06]} 37. Rg1 {[%emt 0:00:57]} Rh8 {[%emt 0:00:09]} 38. Rc1 {[%emt 0:00:04]} Rc8 {[%emt 0:00:23]} 39. Re1 {[%emt 0:00:33]} Re8 {[%emt 0:00:02]} 40. Rh1 {[%emt 0:00:18]} Rh8 {[%emt 0:00:12]} 41. Ra1 {[%emt 0:02:15]} Rb8 {[%emt 0:00:31]} 42. Bc2 {[%emt 0:00:40]} Rh8 {[%emt 0:00:48]} 43. b4 {[%emt 0:01:14]} Rc8 {[%emt 0:00:50]} 44. Bd3 {[%emt 0:00:16]} Ra8 {[%emt 0:00:47]} 45. Rb1 {[%emt 0:04:44]} Rc8 {[%emt 0:00:19]} 46. Rh1 {[%emt 0:00:54]} Ra8 {[%emt 0:00:10]} 47. h5 {[%emt 0:00:27]} g5 {[%emt 0:00:09]} 48. Rb1 {[%emt 0:00:05]} f6 {[%emt 0:01:15]} 49. Kc3 {[%emt 0:03:32]} Re8 {[%emt 0:00:17]} 50. Kd2 {[%emt 0:00:38]} Ra8 {[%emt 0:00:05]} 51. Kc3 {[%emt 0:01:49]} Re8 {[%emt 0:00:14]} 52. Kd2 {[%emt 0:00:01]} Ra8 1/2-1/2

[Event "2nd Asian Nations Team Cup U14 2019"]
[Site "Shenzhen"]
[Date "2019.12.21"]
[Round "4.6"]
[White "Erkhes, Bayartnar"]
[Black "Wang, Xiaozhi"]
[Result "1-0"]
[WhiteElo "1937"]
[BlackElo "1872"]
[Annotator "NA RC"]
[PlyCount "91"]
[EventDate "2019.12.19"]
[EventType "team-tourn"]
[EventCountry "CHN"]
[SourceTitle "playchess.com"]
[Source "ChessBase"]
[SourceQuality "1"]
[TimeControl "5400+30"]

1. e4 {[%emt 0:00:00]} c5 {[%emt 0:00:00]} 2. Nf3 {[%emt 0:00:00]} e6 {[%emt 0:00:00]} 3. g3 {[%emt 0:00:00]} Nc6 {[%emt 0:00:14]} 4. Bg2 {[%emt 0:00:28]} Nf6 {[%emt 0:00:06]} 5. Qe2 {[%emt 0:00:18]} d5 {[%emt 0:00:20]} 6. e5 {[%emt 0:03:47]} Nd7 {[%emt 0:00:13]} 7. c3 {[%emt 0:01:35]} c4 {[%emt 0:05:14]} 8. b3 {[%emt 0:06:41]} b5 {[%emt 0:02:23]} 9. a4 {[%emt 0:04:34]} Na5 {[%emt 0:00:39]} 10. Nd4 {[%emt 0:03:52]} Nc5 {[%emt 0:06:42]} 11. O-O {[%emt 0:12:06]} Ncxb3 {[%emt 0:02:31]} 12. Nxb3 {[%emt 0:00:32]} Nxb3 {[%emt 0:00:12]} 13. Ra2 {[%emt 0:00:16]} bxa4 {[%emt 0:03:46]} 14. Rxa4 {[%emt 0:01:53]} Bd7 {[%emt 0:00:28]} 15. Ra2 {[%emt 0:01:14]} Nxc1 {[%emt 0:01:27]} 16. Rxc1 {[%emt 0:00:04]} Be7 {[%emt 0:01:47]} 17. d3 {[%emt 0:05:40]} Bb5 {[%emt 0:03:47]} 18. d4 {[%emt 0:01:33]} O-O {[%emt 0:03:16]} 19. Nd2 {[%emt 0:00:40]} a5 {[%emt 0:02:45]} 20. Rb1 {[%emt 0:02:18]} Qd7 {[%emt 0:03:31]} 21. f4 {[%emt 0:03:10]} a4 {[%emt 0:07:32]} 22. g4 {[%emt 0:02:54]} Rfb8 {[%emt 0:04:13]} 23. f5 {[%emt 0:00:28]} Bf8 {[%emt 0:01:17]} 24. Rf1 {[%emt 0:05:36]} a3 {[%emt 0:03:46]} 25. f6 {[%emt 0:04:00]} g6 {[%emt 0:01:31]} 26. Nf3 {[%emt 0:09:55]} Ba4 {[%emt 0:05:06]} 27. Qd2 {[%emt 0:01:09]} Rb3 {[%emt 0:04:02]} 28. Ng5 {[%emt 0:15:03]} Rab8 {[%emt 0:13:44]} 29. Nxh7 {[%emt 0:01:28]} Kxh7 {[%emt 0:06:17]} 30. Rf3 {[%emt 0:00:07]} Qb5 {[%emt 0:09:31]} 31. Rh3+ {[%emt 0:00:11]} Kg8 {[%emt 0:00:04]} 32. Qg5 {[%emt 0:01:08]} Rb1+ {[%emt 0:00:07]} 33. Kf2 {[%emt 0:03:09]} Qb3 {[%emt 0:01:45]} 34. Qh4 {[%emt 0:01:51]} Rb2+ {[%emt 0:00:41]} 35. Kg1 {[%emt 0:00:43]} Rb1+ {[%emt 0:03:06]} 36. Kf2 {[%emt 0:01:33]} Qxa2+ {[%emt 0:04:01]} 37. Kg3 {[%emt 0:00:06]} Qxg2+ {[%emt 0:00:05]} 38. Kxg2 {[%emt 0:00:05]} R8b2+ {[%emt 0:00:03]} 39. Kg3 {[%emt 0:00:25]} Rg1+ {[%emt 0:02:04]} 40. Kf4 {[%emt 0:00:22]} Rf1+ {[%emt 0:00:54]} 41. Ke3 {[%emt 0:01:35]} Bh6+ {[%emt 0:00:45]} 42. Qxh6 {[%emt 0:00:09]} Re1+ {[%emt 0:00:17]} 43. Kf4 {[%emt 0:00:40]} Re4+ {[%emt 0:00:43]} 44. Kg5 {[%emt 0:00:29]} Rxg4+ {[%emt 0:00:23]} 45. Kxg4 {[%emt 0:00:04]} Bd1+ {[%emt 0:00:03]} 46. Kh4 {[%emt 0:00:17]} 1-0

[Event "2nd Asian Nations Team Cup U14 2019"]
[Site "Shenzhen"]
[Date "2019.12.21"]
[Round "4.7"]
[White "Lu, Miaoyi"]
[Black "Angar, Zoljargal"]
[Result "0-1"]
[WhiteElo "1787"]
[BlackElo "1696"]
[Annotator "NA RC"]
[PlyCount "76"]
[EventDate "2019.12.19"]
[EventType "team-tourn"]
[EventCountry "CHN"]
[SourceTitle "playchess.com"]
[Source "ChessBase"]
[SourceQuality "1"]
[TimeControl "5400+30"]

1. d4 {[%emt 0:00:00]} d5 {[%emt 0:00:00]} 2. c4 {[%emt 0:00:00]} c6 {[%emt 0:00:00]} 3. Nf3 {[%emt 0:00:00]} Nf6 {[%emt 0:00:23]} 4. e3 {[%emt 0:00:00]} e6 {[%emt 0:00:27]} 5. b3 {[%emt 0:00:05]} Nbd7 {[%emt 0:00:32]} 6. Bb2 {[%emt 0:00:24]} Be7 {[%emt 0:02:16]} 7. Bd3 {[%emt 0:00:44]} Ne4 {[%emt 0:04:38]} 8. O-O {[%emt 0:03:33]} O-O {[%emt 0:00:08]} 9. Nbd2 {[%emt 0:05:36]} f5 {[%emt 0:00:40]} 10. Qc2 {[%emt 0:02:30]} Bd6 {[%emt 0:01:46]} 11. Ne5 {[%emt 0:05:06]} Qf6 {[%emt 0:08:05]} 12. f4 {[%emt 0:05:32]} g5 {[%emt 0:07:33]} 13. c5 {[%emt 0:07:52]} Bc7 {[%emt 0:02:57]} 14. b4 {[%emt 0:02:39]} Bxe5 {[%emt 0:08:03]} 15. fxe5 {[%emt 0:01:32]} Qh6 {[%emt 0:00:08]} 16. Rae1 {[%emt 0:12:47]} g4 {[%emt 0:05:03]} 17. g3 {[%emt 0:04:38]} Ng5 {[%emt 0:01:43]} 18. a4 {[%emt 0:05:34]} Qg6 {[%emt 0:01:28]} 19. b5 {[%emt 0:03:04]} h5 {[%emt 0:00:31]} 20. Kg2 {[%emt 0:02:42]} Kg7 {[%emt 0:01:28]} 21. Qc3 {[%emt 0:14:50]} a5 {[%emt 0:02:57]} 22. bxc6 {[%emt 0:06:56]} bxc6 {[%emt 0:00:18]} 23. Nb3 {[%emt 0:01:21]} Nf3 {[%emt 0:00:51]} 24. Rb1 {[%emt 0:00:58]} Ba6 {[%emt 0:01:45]} 25. Bxa6 {[%emt 0:01:13]} Rxa6 {[%emt 0:00:10]} 26. Nd2 {[%emt 0:01:48]} Ng5 {[%emt 0:01:43]} 27. Ba3 {[%emt 0:02:24]} Ra7 {[%emt 0:00:31]} 28. Rb6 {[%emt 0:01:07]} Rc8 {[%emt 0:00:58]} 29. Rfb1 {[%emt 0:02:22]} Qh7 {[%emt 0:01:49]} 30. Rb7 {[%emt 0:01:41]} Rca8 {[%emt 0:00:46]} 31. Qc1 {[%emt 0:05:25]} h4 {[%emt 0:02:05]} 32. Qh1 {[%emt 0:00:27]} Kg8 {[%emt 0:01:12]} 33. Bc1 {[%emt 0:01:05]} Kf8 {[%emt 0:01:34]} 34. Ba3 {[%emt 0:00:27]} Ke8 {[%emt 0:00:30]} 35. Rxa7 {[%emt 0:00:32]} Rxa7 {[%emt 0:00:17]} 36. Kf2 {[%emt 0:00:22]} f4 {[%emt 0:02:41]} 37. gxf4 {[%emt 0:00:41]} Qd3 {[%emt 0:00:36]} 38. Bc1 {[%emt 0:00:29]} Nh3+ {[%emt 0:00:18]} 0-1